000 00974cam a2200277 a 4500
001 935896
003 ARRUPE
005 20141009141219.0
008 830517s1983 nyu b 001 0 eng
010 _a 83071775
020 _a0801416736
040 _aDLC
_cDLC
_dDLC
050 0 0 _aSPCP BC145
_b.W949
082 0 0 _a160
_219
100 1 _aWright, G. H. von
_q(Georg Henrik),
_d1916-2003.
_912116
245 1 0 _aPractical reason /
_cGeorg Henrik von Wright.
260 _aIthaca, N.Y. :
_bCornell University Press,
_c1983.
300 _aix, 214 p. ;
_c24 cm.
490 1 _aPhilosophical papers of Georg Henrik von Wright ;
_vv. 1
504 _aIncludes bibliographical references and indexes.
650 0 _aDeontic logic.
_912117
650 0 _aPractical reason.
_912118
800 1 _aWright, G. H. von
_q(Georg Henrik),
_d1916-2003.
_tWorks.
_kSelections.
_f1983.
_sCornell ;
_vv. 1.
_912119
906 _a7
_bcbc
_corignew
_d2
_eopcn
_f19
_gy-gencatlg
942 _2lcc
_cMONOGRAPH
999 _c121105
_d121105